Clip Damso - Statistiques

Statistiques générales
  • Ce quiz a été pris 194 fois
  • Le résultat moyen est 12 sur 22
Statistiques - réponses
Par images Réponse % Correct
Macarena
97%
Mwaka Moon
89%
Démons
85%
911
84%
Vitrine
82%
Dégaine
76%
Mosaïque Solitaire
73%
Rêves Bizarres
68%
Smog
59%
God Bless
56%
But en Or
54%
La Rue
52%
J Respect R
50%
Rencontre
49%
Pyramide
48%
Débrouillard
29%
Du Mal à te Dire
29%
Coeur de Pirate
24%
Du Feu
21%
Silence
18%
Personne
16%
Best
15%
Aucun quiz correspondant
Distribution des résultats
% des personnes avec chaque résultat
Percentile par nombre de réponses
Votre historique - résultats
Vous n’avez pas pris ce quiz